000 02189nam0a2200409 4500
001 RU\NLR\bibl\1058775
005 20260407080642.0
010 _a5-87444-253-7
_bВ пер.
_9800
021 _aRU
_b2007-4345
_9220
035 _a(nilc)RSL-KNO-003034247
035 _a(NLR Aleph) 001046055
090 _a848846
_c848846
100 _a20070213d2007 |||y0rusy50 ca
101 0 _arus
102 _aRU
105 _ay zzzz|||||
106 _ar
200 1 _aНаука и техника в первые десятилетия советской власти: социокультурное измерение (1917-1940)
_fРос. акад. наук, Ин-т истории естествознания и техники им. С.И. Вавилова
_g[под ред. д.б.н. Е.Б. Музруковой, д.б.н. Л.В. Чесновой]
210 _aМосква
_cAkademia
_d2007
215 _a495 с.
_d22
225 1 _aМонографические исследования
_iИстория науки
_fредкол. В.Л. Гвоздецкий [и др.]
320 _aБиблиогр. в конце ст.
320 _aИмен. указ.: с. 483-495
606 1 _aНаука
_jСборники
_xСоциологические исследования
_91456398
_3RU\NLR\auth\66307783
606 1 _aТехника
_jСборники
_xСоциологические исследования
_91755619
_3RU\NLR\auth\661082301
610 0 _aКультура. Наука. Просвещение -- Наука. Научно-исследовательская работа -- История науки -- Российская Федерация -- Сборник
686 _aЧ213(2)7я43
_2rubbk
686 _aС550.562я43
686 _aС550.1я43
702 1 _aМузрукова
_bЕ. Б.
_gЕлена Борисовна
_4340
712 0 2 _4570
_aИнститут истории естествознания и техники им. С. И. Вавилова
_cМосква
_3RU\NLR\AUTH\886273
_9284344
801 0 _aRU
_bРКП
_c20070213
_grcr
801 1 _aRU
_bРГБ
_c20070213
801 2 _aRU
_bNLR
_c20070314
_grcr
942 _cBOOK
980 _aNB